Merriam-Webster's encyclopedia of literature.

Đã lưu trong:
Bibliografiske detaljer
Format: Bog
Sprog:English
Udgivet: Springfield, Mass : Merriam-Webster, 1995.
Fag:
Tags: Tilføj Tag
Ingen Tags, Vær først til at tagge denne postø!
Thư viện lưu trữ: Mạng thư viện Đại học Đà Nẵng
LEADER 00776cam a2200313 i 4500
001 000045770
003 4966
005 20030304144804.0
008 010220|1995 vm 000 eng
020 |a 0877790426 
040 |a IRC  |c IRC  |d IRC 
041 0 |a eng 
082 1 4 |a 803  |b Me-W 
245 0 0 |a Merriam-Webster's encyclopedia of literature. 
260 |a Springfield, Mass :  |b Merriam-Webster,  |c 1995. 
300 |a xii, 1236p. :  |b ill. 
630 0 4 |a Literature. 
630 0 4 |a Dictionaries. 
650 0 4 |a Literature  |v Dictionaries. 
OWN |a DUT 
999 |a From the UDN01 
TYP |a Monograph 
TYP |a Printed language 
980 |a Mạng thư viện Đại học Đà Nẵng